Tři /
Příběh silného přátelství, které překoná vše. Vinu i trest. Možná i zločin.
Uloženo v:
| Hlavní autor: | |
|---|---|
| Další autoři: | |
| Médium: | E-kniha |
| Jazyk: | Czech |
| Vydáno: |
V Brně :
Jota,
2022
|
| Vydání: | Vydání první |
| Témata: | |
| Tagy: |
Žádné tagy |
| LEADER | 02582nam a2200433 i 4500 | ||
|---|---|---|---|
| 001 | 311594 | ||
| 003 | CZ PrSKC | ||
| 005 | 20260601215708.0 | ||
| 007 | ta | ||
| 008 | 220607s2022 xr g 000 f cze | ||
| 015 | |a cnb003427322 | ||
| 020 | |a 9788075658890 |q (vázáno) | ||
| 035 | |a (OCoLC)1344358524 | ||
| 040 | |a ABG001 |b cze |d ABA001 |e rda | ||
| 041 | 1 | |a cze |h fre | |
| 072 | 7 | |a 821.133.1-3 |x Francouzská próza, francouzsky psaná |2 Konspekt | |
| 080 | |a 821.133.1-31 |2 MRF | ||
| 080 | |a (0:82-311.1) |2 MRF | ||
| 100 | 1 | |a Perrin, Valérie, |d 1967- |7 xx0254603 |4 aut | |
| 240 | 1 | 0 | |a Trois. |l Česky |
| 245 | 1 | 0 | |a Tři / |c Valérie Perrinová ; z francouzského originálu Trois ... přeložila Jitka Řihánková |
| 250 | |a Vydání první | ||
| 264 | 1 | |a V Brně : |b Jota, |c 2022 | |
| 300 | |a 598 stran ; |c 22 cm | ||
| 336 | |a text |b txt |2 rdacontent | ||
| 337 | |a bez média |b n |2 rdamedia | ||
| 338 | |a svazek |b nc |2 rdacarrier | ||
| 500 | |a Obálkový podnázev: román | ||
| 520 | 2 | |a Příběh silného přátelství, které překoná vše. Vinu i trest. Možná i zločin. |b 1986. Adrien, Étienne a Nina se potkají na základce. Okamžitě se spřátelí. Jsou nerozluční. Milují stejné věci, stejnou muziku. Společně se učí i poflakují, bojují s učiteli a hledají své místo v rodinách i ve světě dospělých. Sdílejí svá zranění i své touhy. Společně spřádají sny o hudební skupině, která nechá za zády úzkoprsý venkov a jednou dobude Paříž. 2017. Na dně jezera, u něhož trávili horká odpoledne i noční alkoholové večírky, je jednoho dne objeven vrak auta, který tam ležel dlouhá léta, a v něm pozůstatky lidského těla. Virginie, novinářka s tajemnou minulostí, píše o události reportáž. Její vzpomínky postupně osvětlují pavučinu vztahů, která trojici přátel z dětství spojuje. Nakladatelská anotace. Kráceno. | |
| 655 | 7 | |a francouzské romány |7 fd132289 |2 czenas | |
| 655 | 7 | |a psychologické romány |7 fd278579 |2 czenas | |
| 655 | 9 | |a French fiction |2 eczenas | |
| 655 | 9 | |a psychological novels |2 eczenas | |
| 700 | 1 | |a Řihánková, Jitka, |d 1964- |7 xx0034357 |4 trl | |
| 900 | |a ABA001 |b 20 | ||
| 044 | |a xr | ||
| 910 | |a RBIT002 | ||
| 998 | |d 354454 |a https://core.palmknihy.cz/api/books/354454/cover?she9ab |b https://core.palmknihy.cz/api/books/354454/cover/400?she9ab |c https://core.palmknihy.cz/api/books/354454/cover/50?she9ab |e 2026-08-31 |g 600 |i 9788075658890 |j https://core.palmknihy.cz/api/books/354454/preview.epub |l |q 49 |r 1 |s https://www.palmknihy.cz/kniha/354454 |t ebook |y 2022 |z 0 | ||
| 999 | |d 311592 | ||